Normal view
MARC view
- Health Biotechnology MS-Thesis.
Entry Topical Term
001 - CONTROL NUMBER
- control field: 28093
003 - CONTROL NUMBER IDENTIFIER
- control field: NUST
005 - DATE AND TIME OF LATEST TRANSACTION
- control field: 20200127130050.0
008 - FIXED-LENGTH DATA ELEMENTS
- fixed length control field: 200127|| aca||aabn | a|a d
040 ## - CATALOGING SOURCE
- Original cataloging agency: NUST
- Transcribing agency: NUST
150 ## - HEADING--TOPICAL TERM
- Topical term or geographic name entry element: Health Biotechnology MS-Thesis.
670 ## - SOURCE DATA FOUND
- Source citation: Work cat.: (NUST): Zujaja tul Misbah 28092, Potential Role of Rosmarinus Officinalis in Mice Models of Type 2 Diabetes Mellitus /, 2017.
